| 000 | 00586nam a22002057a 4500 | ||
|---|---|---|---|
| 003 | DO-SdBNP | ||
| 005 | 20171205135018.0 | ||
| 008 | 161031b 1995 xxu 00| 0 spa d | ||
| 020 | _a031021923X | ||
| 040 |
_aBPMSU _bspa _cBPMSU |
||
| 082 |
_axxxx _bxxxx |
||
| 100 | 1 |
_aYancey, Philip _d1949- |
|
| 245 | 1 | 4 |
_aThe Jesus i never knew / _cPhilip Yancey |
| 260 |
_aMichigan, Estados Unidos : _bZondervan, _c1995. |
||
| 300 |
_a288 p. : _c23 cm. |
||
| 910 | _a000144 | ||
| 942 |
_2ddc _cBK |
||
| 945 | _aInventariado extranjero 2017 VM | ||
| 956 |
_2YLOCKWARD _310 _8BPMSU _aYngrid Lockward |
||
| 999 |
_c12961 _d12961 |
||